| 000 | 004890000a22001810004500 | ||
|---|---|---|---|
| 003 | LK-CoMWRAF | ||
| 008 | 230817t ||||| |||| 00| 0 eng d | ||
| 040 |
_aLK-CoMWRAF _dLK-CoMWRAF _eLK-CoMWRAF |
||
| 041 | _aeng | ||
| 082 |
_a350 _bFUT |
||
| 245 |
_aFuture trends and gender issues _breport of a seminar held on 12th September, 1997 |
||
| 260 |
_aColombo _bCENWOR _c1997 |
||
| 300 | _ap.56 | ||
| 490 | _aDocumentation series No:60 | ||
| 650 | _agender | ||
| 650 | _aWomen | ||
| 942 | _cBK | ||
| 999 |
_c2550 _d2550 |
||